ბათუმის შოთა რუსთაველის სახელმწიფო უნივერსიტეტის ბიბლიოთეკა

რუსული გული (ბიბ.ჩანაწერი № 50046)

000 -LEADER
fixed length control field 00636nam a2200229Ia 4500
001 - CONTROL NUMBER
control field 16984
003 - CONTROL NUMBER IDENTIFIER
control field GE_BSU
008 - FIXED-LENGTH DATA ELEMENTS--GENERAL INFORMATION
fixed length control field 181216s||||||||xx |||||||||||||| ||und||
040 ## - CATALOGING SOURCE
Transcribing agency GE_BSU
080 ## - UNIVERSAL DECIMAL CLASSIFICATION NUMBER
Universal Decimal Classification number 821.353.1-1
100 ## - MAIN ENTRY--PERSONAL NAME
Personal name ბერულავა, ხუტა
245 ## - TITLE STATEMENT
Title რუსული გული
245 ## - TITLE STATEMENT
Remainder of title პოემა
245 ## - TITLE STATEMENT
Statement of responsibility, etc. რედ.ლ.თურმანიძე
260 ## - PUBLICATION, DISTRIBUTION, ETC.
Place of publication, distribution, etc. თბილისი
260 ## - PUBLICATION, DISTRIBUTION, ETC.
Name of publisher, distributor, etc. საბჭ.მწერალი
260 ## - PUBLICATION, DISTRIBUTION, ETC.
Date of publication, distribution, etc. 1954
300 ## - PHYSICAL DESCRIPTION
Extent 103გვ. ; 17სმ
653 ## - INDEX TERM--UNCONTROLLED
Uncontrolled term პოემა
653 ## - INDEX TERM--UNCONTROLLED
Uncontrolled term რუსული გული
942 ## - ADDED ENTRY ELEMENTS (KOHA)
Koha item type წიგნი
ეგზემპლარები
Withdrawn status Lost status Damaged status Not for loan Date acquired Barcode Date last seen Price effective from Koha item type
        2018-12-17 21785 2018-12-17 2018-12-17 წიგნი
        2018-12-17 21786 2018-12-17 2018-12-17 წიგნი